000 00749nam a2200253Ia 4500
003 OSt
005 20220923212256.0
006 a|||||r|||| 00| 0
007 ta
008 220922b |||||||| |||| 00| 0 hin d
024 _a151,968
037 _cTextual
040 _aARTS
_cARTS
_bhin
041 _2hin
_ahin
082 _a/\2y7M76x, L3
100 _aअपूर्वानन्द
_9156945
245 0 _aमा सारदा
246 _aMā sāradā
250 _aसंस्क 3
260 _aनागपूर
_b श्री रामकृष्ण आश्रम
_c1973
300 _a445 पृ.
_ccm.
942 _h/\2y7M76x, L3
_cTEXL
_2CC
999 _c307641
_d307641